Fairer tenancy contracts (Record no. 72636)
[ view plain ]
| 000 -LEADER | |
|---|---|
| fixed length control field | 00865cam a2200217 4500 |
| 001 - CONTROL NUMBER | |
| control field | WB3917-14 |
| 008 - FIXED-LENGTH DATA ELEMENTS--GENERAL INFORMATION | |
| fixed length control field | 030508n2003 000 0 eng u |
| 035 ## - SYSTEM CONTROL NUMBER | |
| System control number | (Sirsi) u122216 |
| 245 ## - TITLE STATEMENT | |
| Title | Fairer tenancy contracts |
| 260 ## - PUBLICATION, DISTRIBUTION, ETC. | |
| Date of publication, distribution, etc. | 2003 |
| 490 ## - SERIES STATEMENT | |
| Series statement | OFT Press Release |
| Volume/sequential designation | (54/03) 7 May 2003 (2) |
| 520 ## - SUMMARY, ETC. | |
| Summary, etc. | Following the publication of OFT guidance on unfair terms in tenancy agreements, organisations including RICS have worked with the OFT to ensure the terms of their standard tenancy contracts are fairer and clearer. http://www.gnn.gov.uk/gnn/national.nsf/Daily+News/052BA8B455888E3A80256D1F003E6666?opendocument. |
| 590 ## - LOCAL NOTE (RLIN) | |
| Local note | WB |
| 650 ## - SUBJECT ADDED ENTRY--TOPICAL TERM | |
| Topical term or geographic name entry element | OFT |
| 650 ## - SUBJECT ADDED ENTRY--TOPICAL TERM | |
| Topical term or geographic name entry element | TENANCY AGREEMENTS |
| 650 ## - SUBJECT ADDED ENTRY--TOPICAL TERM | |
| Topical term or geographic name entry element | UNFAIR TERMS IN CONSUMER CONTRACTS REGULATIONS 1999 |
| 650 ## - SUBJECT ADDED ENTRY--TOPICAL TERM | |
| Topical term or geographic name entry element | REGULATIONS |
| 650 ## - SUBJECT ADDED ENTRY--TOPICAL TERM | |
| Topical term or geographic name entry element | FAIRNESS |
| 690 ## - LOCAL SUBJECT ADDED ENTRY--TOPICAL TERM (OCLC, RLIN) | |
| Topical term or geographic name as entry element | Landlord and tenant |
| 9 (RLIN) | 6252 |
| 942 ## - ADDED ENTRY ELEMENTS (KOHA) | |
| Suppress in OPAC | 0 |
| Withdrawn status | Lost status | Source of classification or shelving scheme | Damaged status | Not for loan | Home library | Current library | Shelving location | Date acquired | Total Checkouts | Full call number | Barcode | Date last seen | Copy number | Price effective from | Koha item type |
|---|---|---|---|---|---|---|---|---|---|---|---|---|---|---|---|
| Dewey Decimal Classification | London | London | News article | 08/05/2003 | WB3917-14 | 122216-1001 | 06/08/2019 | 1 | 06/08/2019 | News article |